| 000 | 00669nam a22002297a 4500 | ||
|---|---|---|---|
| 003 | OSt | ||
| 005 | 20140310181705.0 | ||
| 008 | 121120t xxu||||| |||| 00| 0 eng d | ||
| 020 | _a0734404743 | ||
| 050 |
_aPZ 7 _b.St795 2003 |
||
| 082 |
_aKF _bSt1n 2003 |
||
| 100 |
_aStarke, Ruth _96718 |
||
| 245 |
_aNips go National / _cby Ruth Starke |
||
| 260 |
_aAustralia: _bLothian Pty Ltd., _c2003. |
||
| 300 |
_g256 p. ; _b20 cm. |
||
| 541 | _j1 | ||
| 562 | _e1 | ||
| 650 |
_aCricket players--Juvenile fiction. _96719 |
||
| 650 |
_aCricket matches _xJuvenile fiction. _96720 |
||
| 650 |
_aEthnic relations _xJuvenile fiction. _96721 |
||
| 942 |
_2lcc _cBK-KF _kKF |
||
| 999 |
_c1280 _d1280 |
||